A writer’s reference : with Writing in the disciplines

Spremljeno u:
Bibliografski detalji
Glavni autor:  Hacker, Diana
Format: Sách
Jezik:Undetermined
Izdano:  Bedford/St. Martin’s  2009
Teme:
Oznake: Dodaj oznaku
Bez oznaka, Budi prvi tko označuje ovaj zapis!
Thư viện lưu trữ: Trung tâm Thư viện - Trường Đại học Công nghiệp TP. Hồ Chí Minh
LEADER 00495nam a2200157Ia 4500
001 UIH_02574
008 231011s9999 xx 000 0 und d
082 |a  428 
100 |a  Hacker, Diana 
245 0 |a  A writer’s reference : with Writing in the disciplines 
245 0 |c  Hacker, Diana 
260 |b  Bedford/St. Martin’s 
260 |c  2009 
650 |a  Tiếng anh;  
927 |a Sách 
980 |a Trung tâm Thư viện - Trường Đại học Công nghiệp TP. Hồ Chí Minh